Największe miasta we Włoszech - Statystyki

Ogólne statystyki
  • Ten quiz został rozwiązany 6 339 razy
  • Średni wynik to 10 z 20
Statystyki odpowiedzi
Miasto Liczba ludności % Poprawnych
Rzym 2 873 494
100%
Mediolan 1 351 562
95%
Neapol 970 185
90%
Turyn 886 837
89%
Wenecja 261 905
80%
Florencja 382 258
71%
Palermo 673 735
68%
Genua 583 601
60%
Bolonia 388 367
57%
Werona 257 353
50%
Bari 324 198
46%
Parma 194 417
38%
Katania 313 396
29%
Padwa 209 829
26%
Triest 204 234
22%
Brescia 196 670
17%
Modena 184 727
16%
Mesyna 236 962
12%
Tarent 199 561
6%
Prato 192 469
3%
Nie znaleziono quizów pasujących do podanych kryteriów
Rozkład punktacji
Procent ludzi z każdym wynikiem
Percentyl według liczby udzielonych odpowiedzi
Twoja historia wyników
Nie rozwiązałeś tego quizu